Statistics for Formula One Winners 1990's

Click here to take the quiz!

General Stats

  • This quiz has been taken 1,722 times
  • The average score is 13 of 17

Answer Stats

Wins Driver % Correct
35 winsMichael Schumacher
99%
21 winsAyrton Senna
97%
12 winsAlain Prost
96%
22 winsDamon Hill
93%
14 winsMika Häkkinen
92%
16 winsNigel Mansell
90%
11 winsJacques Villeneuve
87%
6 winsDavid Coulthard
83%
4 winsEddie Irvine
71%
1 winJean Alesi
67%
5 winsGerhard Berger
67%
3 winsNelson Piquet
62%
3 winsHeinz-Harald Frentzen
58%
3 winsJohnny Herbert
56%
1 winOlivier Panis
56%
4 winsRiccardo Patrese
49%
1 winThierry Boutsen
29%

Score Distribution

Percentile by Number Answered

Percent of People with Each Score

Your Score History

You have not taken this quiz